000 nam a22 a 4500
999 _c3619
_d3619
003 AKMAL
005 20170523122756.0
008 170523s1982 xxu 00 eng
020 _a0534010474 (pbk):
_cfree
040 _aAKMAL
082 0 4 _a658.848 TER
090 0 0 _a658.848
_bTER
100 1 _aTerpstra, Vern
_94723
245 1 0 _aInternational dimensions of marketing /
_cVern Terpstra
260 _aBoston, Mass. :
_bKent Pub.,
_c1982
300 0 0 _axi, 186p. :
_bill. ;
_c21cm
504 _aIncludes bibliographical references and index
650 0 _aExport marketing
_94764
650 0 _aMarketing
_97031
942 _2ddc
_cBOOK